| 000 | 00362 a2200157 4500 | ||
|---|---|---|---|
| 003 | Nust | ||
| 005 | 20230127094014.0 | ||
| 040 | _cNust | ||
| 082 | _a920,BUR | ||
| 100 |
_aBurlingame, Roger _950201 |
||
| 245 |
_aBenjamin Franklin / _cRoger Burlingame |
||
| 260 |
_aAmerica _bAmerican Library |
||
| 300 | _a127:p | ||
| 650 |
_aBiography _9461 |
||
| 942 |
_2ddc _cBK |
||
| 999 |
_c187033 _d187033 |
||